Billy Joel Lyrics Quiz (Part 40) - Statistics

General Stats
  • This quiz has been taken 33 times
  • The average score is 152 of 232
Answer Stats
Answer % Correct
a
100%
And
100%
and
100%
I
100%
the
95%
to
95%
To
95%
You
95%
you
95%
is
89%
we
89%
Are
84%
are
84%
go
84%
it
84%
me
84%
on
84%
for
79%
in
79%
men
79%
Where
79%
your
79%
But
74%
but
74%
have
74%
too
74%
1,
68%
All
68%
all
68%
do
68%
(I’ll
68%
life
68%
One,
68%
Time
68%
What
68%
what
68%
2
63%
does
63%
know?
63%
mean?
63%
means)
63%
no
63%
Now
63%
out
63%
place
63%
so
63%
So
63%
tell
63%
you’ll
63%
You’ll
63%
You’re
63%
feel
58%
four
58%
had
58%
here
58%
Magazine
58%
only
58%
read
58%
three
58%
three,
58%
Two
58%
two,
58%
up
58%
will
58%
with
58%
call
53%
come
53%
Don’t
53%
else
53%
everybody
53%
face
53%
far
53%
good
53%
just
53%
like
53%
own
53%
Sesame
53%
some
53%
Street
53%
thing
53%
yourself
53%
13
47%
advice
47%
alone
47%
answer
47%
avoid
47%
cannot
47%
channel
47%
deal
47%
faith
47%
guns
47%
handle
47%
help
47%
I’m
47%
learn
47%
loaded
47%
look
47%
Nowhere
47%
Pan
47%
paranoid
47%
Peter
47%
Pressure
47%
respond
47%
run
47%
scars
47%
You’ve
47%
even
42%
inside
42%
into
42%
ninth
42%
pace
42%
Psych
42%
sure
42%
used
42%
ask
37%
crusade
37%
dance
37%
grown
37%
rationale
37%
tap
37%
cosmic
32%
turned
32%
No matching quizzes found
Score Distribution
Percent of People with Each Score
Percentile by Number Answered
Your Score History
You have not taken this quiz